000 01055njm a22002777a 4500
005 20100918122545.0
006 a|||||r|||||00| 0
007 sd ammalaaahaa
008 100907t xxu||||| |||| 00| 0 eng d
028 _aSVM-50002 A
_bSVM
035 _aGR-03438
100 _aBharti, Prabha
_918693
245 _aRange Qawwali /
_cby Prabha Bharti ; music by Prabha Bharti ; Khwaja Amir Khusre
_h[Sound recording]
246 _aरंगे क़व्वाली /
260 _aDum Dum, India
_bSVM
_c1978
300 _a1 sound disc [Gramophone Recording]
_banalog, 33 1/3rpm ;
_c12 in. (LP)
_fGramaphone Records
500 _aBrief record
500 _aRecord Lables : SVM, Red
505 _aSide-1 (Chhaap Tilak) ( Prabha Bharti), --Side-2 (Mai Ni Mai) ( Prabha Bharti)
600 _2Bharti, Prabha
650 _aQawwali
_xExcerpts
_zIndia
_918694
700 _aBharti, Prabha
_920667
700 _a Khusre, Khwaja Amir
_920668
942 _2ddc
_cGR
999 _c46735
_d46735